Flags of Countries that are Located in the Alps - Statistics

General Stats
  • This quiz has been taken 1,099 times
  • The average score is 8 of 8
Answer Stats
Picture Answer % Correct
France
100%
Germany
100%
Italy
100%
Austria
99%
Switzerland
99%
Slovenia
96%
Liechtenstein
94%
Monaco
92%
No matching quizzes found
Score Distribution
Percent of People with Each Score
Percentile by Number Answered
Your Score History
You have not taken this quiz